LEADER 00952nam0-22003131i-450 001 990001692310403321 005 20190529131323.0 035 $a000169231 035 $aFED01000169231 035 $a(Aleph)000169231FED01 035 $a000169231 100 $a20030910d1973----km-y0itay50------ba 101 0 $aita 200 1 $aIndagine sulle cultivar di ciliegio diffuse in Italia$e9) Campania$fG. Casella, C. Picariello 210 $aBologna$c...$d1973 215 $a32 p.$d31 cm 300 $aEstr. da: Indagine sulle cultivar di ciliegio diffuse in Italia, 1973. 610 0 $aCiliege 610 0 $aCampania 676 $a634.23 700 1$aCasella,$bGiulio$0354570 701 1$aPicariello,$bC.$073033 801 0$aIT$bUNINA$gRICA$2UNIMARC 901 $aLG 912 $a990001692310403321 952 $a60 OP. 91/7$b44673$fFAGBC 959 $aFAGBC 996 $aIndagine sulle cultivar di ciliegio diffuse in Italia$9360742 997 $aUNINA LEADER 03390nam 2200733Ia 450 001 9910458883103321 005 20200520144314.0 010 $a1-282-72316-2 010 $a9786612723162 010 $a3-11-023227-8 024 7 $a10.1515/9783110232271 035 $a(CKB)2670000000034045 035 $a(EBL)570584 035 $a(OCoLC)659500640 035 $a(SSID)ssj0000437974 035 $a(PQKBManifestationID)11270935 035 $a(PQKBTitleCode)TC0000437974 035 $a(PQKBWorkID)10448382 035 $a(PQKB)11073408 035 $a(MiAaPQ)EBC570584 035 $a(WaSeSS)IndRDA00058868 035 $a(DE-B1597)38805 035 $a(OCoLC)979745123 035 $a(DE-B1597)9783110232271 035 $a(Au-PeEL)EBL570584 035 $a(CaPaEBR)ebr10408322 035 $a(CaONFJC)MIL272316 035 $a(EXLCZ)992670000000034045 100 $a20100520d2010 uy 0 101 0 $aeng 135 $aur||||||||||| 181 $ctxt 182 $cc 183 $acr 200 00$aIFLA public library service guidelines$b[electronic resource] 205 $a2nd, completely rev. ed. /$bedited by Christie Koontz and Barbara Gubbin. 210 $aBerlin ;$aNew York $cDe Gruyter Saur$dc2010 215 $a1 online resource (161 p.) 225 1 $aIFLA publications,$x0344-6891 ;$v147 300 $aRev. ed. of: The public library service / prepared by a working group chaired by Philip Gill on behalf of the Section of Public Libraries. 2001. 311 $a3-11-023226-X 320 $aIncludes bibliographical references and index. 327 $t Frontmatter -- $tContents -- $t1 The mission and purposes of the public library -- $t2 The legal and financial framework -- $t3 Meeting the needs of the customers -- $t4 Collection development -- $t5 Human resources -- $t6 The management of public libraries -- $t7 The marketing of public libraries -- $t Backmatter 330 $aThe public library is the prime community access point designed to respond to a multitude of ever-changing information needs. These guidelines are framed to provide assistance to library and information professionals in most situations. They assist to better develop effective services, relevant collections, and accessible formats within the context and requirements of the local community. In this exciting and complex information world it is important for professionals in search of knowledge, information and creative experience to succeed. This is the 2nd edition of The Public Library Service IFLA/UNESCO Guidelines for Development. 410 0$aIFLA publications ;$v147. 606 $aPublic libraries$xStandards 606 $aPublic libraries$xAdministration 606 $aPublic libraries$xAims and objectives 608 $aElectronic books. 615 0$aPublic libraries$xStandards. 615 0$aPublic libraries$xAdministration. 615 0$aPublic libraries$xAims and objectives. 676 $a027.4 686 $aAN 69300$2rvk 701 $aKoontz$b Christie$01019151 701 $aGubbin$b Barbara$01019152 712 02$aInternational Federation of Library Associations and Institutions.$bSection of Public Libraries. 801 0$bMiAaPQ 801 1$bMiAaPQ 801 2$bMiAaPQ 906 $aBOOK 912 $a9910458883103321 996 $aIFLA public library service guidelines$92401117 997 $aUNINA LEADER 01358nam 2200385 450 001 9910376341303321 005 20230808194718.0 010 $a1-4503-4780-0 035 $a(CKB)3710000000824385 035 $a(WaSeSS)IndRDA00104272 035 $a(EXLCZ)993710000000824385 100 $a20180904d2016 uy 0 101 0 $aeng 135 $aur||||||||||| 181 $ctxt$2rdacontent 182 $cc$2rdamedia 183 $acr$2rdacarrier 200 00$aGRADES 2016 $efourth International Workshop on Graph Data Management Experiences and Systems : Redwood Shores, June 24, 2016 /$fprogram committee, Renzo Angles [and fourteen others] ; sponsor, ACM 210 1$aNew York :$cACM,$d2016. 215 $a1 online resource (54 pages) 517 1 $aGraph Data Management Experiences and Systems 2016 517 1 $aProceedings of the fourth International Workshop on Graph Data Management Experiences and Systems 606 $aGraph theory$xData processing$vCongresses 606 $aDatabase management$vCongresses 615 0$aGraph theory$xData processing 615 0$aDatabase management 676 $a511.5 702 $aAngles$b Renzo 712 02$aAssociation for Computing Machinery, 801 0$bWaSeSS 801 1$bWaSeSS 906 $aBOOK 912 $a9910376341303321 996 $aGRADES 2016$92231663 997 $aUNINA